Likha-sining : (Record no. 69025)

MARC details
000 -LEADER
fixed length control field 01013nam a22002777i 4500
003 - CONTROL NUMBER IDENTIFIER
control field URS
005 - DATE AND TIME OF LATEST TRANSACTION
control field 20230323133326.0
008 - FIXED-LENGTH DATA ELEMENTS--GENERAL INFORMATION
fixed length control field 220116b ||||| |||| 00| 0 eng d
020 ## - INTERNATIONAL STANDARD BOOK NUMBER
International Standard Book Number 9786214062119
040 ## - CATALOGING SOURCE
Language of cataloging English.
Transcribing agency CvSU-CCAT Campus Library
Description conventions rda.
Original cataloging agency CvSU-CCAT Campus Library.
Transcribing agency URS
050 14 - LIBRARY OF CONGRESS CALL NUMBER
Classification number NX 440
Item number L6274 2019
100 ## - MAIN ENTRY--PERSONAL NAME
Personal name Ang, Jaime Gutierrez,
Relator term author.
245 ## - TITLE STATEMENT
Title Likha-sining :
Remainder of title art appreciation for the 21st century Filipino University student (a modular approach) /
Statement of responsibility, etc. Jaime Gutierrez-Ang.
264 #1 - PRODUCTION, PUBLICATION, DISTRIBUTION, MANUFACTURE, AND COPYRIGHT NOTICE
Place of production, publication, distribution, manufacture Intramuros, Manila :
Name of producer, publisher, distributor, manufacturer Mindshapers Co., Inc.,
Date of production, publication, distribution, manufacture, or copyright notice c2019.
300 ## - PHYSICAL DESCRIPTION
Extent x, 256 pages :
Other physical details illustrations ;
Dimensions 26 cm
336 ## - CONTENT TYPE
Content type term text
Content type code txt
Source rdacontent
337 ## - MEDIA TYPE
Media type term unmediated
Media type code n
Source rdamedia
338 ## - CARRIER TYPE
Carrier type term volume
Carrier type code nc
Source rdacarrier
504 ## - BIBLIOGRAPHY, ETC. NOTE
Bibliography, etc. note Includes bibliographical references.
546 ## - LANGUAGE NOTE
Language note In English text.
650 #0 - SUBJECT ADDED ENTRY--TOPICAL TERM
Topical term or geographic name entry element Art.
650 #0 - SUBJECT ADDED ENTRY--TOPICAL TERM
Topical term or geographic name entry element Art appreciation.
650 #0 - SUBJECT ADDED ENTRY--TOPICAL TERM
Topical term or geographic name entry element Art appreciation
General subdivision Study and teaching.
650 #0 - SUBJECT ADDED ENTRY--TOPICAL TERM
Topical term or geographic name entry element Arts
General subdivision Study and teaching
Geographic subdivision Philippines.
942 ## - ADDED ENTRY ELEMENTS (KOHA)
Source of classification or shelving scheme Library of Congress Classification
Koha item type Filipiniana
Holdings
Withdrawn status Source of classification or shelving scheme Damaged status Not for loan Home library Current library Shelving location Date acquired Total Checkouts Full call number Barcode Date last seen Price effective from Koha item type Copy number
  Library of Congress Classification     Antipolo College Library Antipolo College Library   07/28/2023   NX 440 L6274 2019 URSANT - 05586 07/28/2023 07/28/2023 Filipiniana 1
  Library of Congress Classification     Antipolo College Library Antipolo College Library   07/28/2023   NX 440 L6274 2019 URSANT - 05587 07/28/2023 07/28/2023 Filipiniana 2
  Library of Congress Classification     Tanay College Library Tanay College Library Reserve Section 12/27/2022   NX 440 L6274 2019 URSTAN-N3285 03/17/2023 03/17/2023 Filipiniana  

University of Rizal System
Email us at univlibservices@urs.edu.ph

Visit our Website www.urs.edu.ph/library